000 00784nam a22001937a 4500
999 _c1617
_d1617
003 AR-CdUCM
008 190227b ||||| |||| 00| 0 spa d
040 _aMUNICIPALIDAD PROVINCIAL DEL CUSCO
_cBIBLIOTECA MUNICIPAL DEL CUSCO
082 _a320.947 /
_bG73
100 _aGorbachov, Mijael
_96048
245 _aLa revolución de junio /
260 _aLima :
_bUnidad,
_c1988.
300 _a221 páginas ;
_bfotografías.
_c20 cm.
440 _aPerestroika
_96049
505 _aCuatro días tal como fueron -- informe del secreto general de cc del pcus a la xix conferencia nacional del partido -- Introducción a las intervenciones de los delegados -- Resoluciones de la xix conferencia nacional de PCUS...
650 _aURSS
_92690
942 _2ddc
_cLIBROS
945 _awfj
_d2019-02-27